|
|
|
|
| LEADER |
00000nam0a2200000 4500 |
| 001 |
129046 |
| 005 |
20231101220142.0 |
| 010 |
|
|
|a 9785922108614
|
| 035 |
|
|
|a (RuTPU)RU\TPU\book\139641
|
| 090 |
|
|
|a 129046
|
| 100 |
|
|
|a 20080118d2007 k y0rusy50 ca
|
| 101 |
0 |
|
|a rus
|
| 102 |
|
|
|a RU
|
| 105 |
|
|
|a a z 100zy
|
| 200 |
1 |
|
|a Научно-техническая конференция ФГУП "РНИИ КП", посвященная 60-летию предприятия, 10-12 октября 2006 г.
|e тезисы докладов
|f Российский научно-исследовательский институт космического приборостроения
|
| 210 |
|
|
|a Москва
|c Физматлит
|d 2007
|
| 215 |
|
|
|a 528 с.
|c ил.
|
| 225 |
1 |
|
|a Труды федерального государственного унитарного предприятия "Российский научно-исследовательский институт космического приборостроения"
|
| 330 |
|
|
|a В книге приведены тезисы докладов по ряду научных направлений, разрабатываемых в ФГУП «РНИИ КП»: космические спутниковые навигационные системы, системы космической телеметрии, командно-измерительные системы и наземные комплексы управления, системы космической связи и ретрансляции, развитие и эксплуатация системы Единого государственного наземного автоматизированного комплекса управления, автоматизированные системы управления, системы дистанционного зондирования земли, новые технологии в космосе и системы поиска и спасания, проблемы качества и долговечности современного космического приборостроения, конструирование и технологии производства аппаратуры, системы мониторинга критически важных и опасных объектов и грузов. Для специалистов, интересующихся новейшими достижениями в указанных научных направлениях.
|
| 610 |
1 |
|
|a космическая техника
|
| 610 |
1 |
|
|a космические навигационные системы
|
| 610 |
1 |
|
|a космическая телеметрия
|
| 610 |
1 |
|
|a космическая связь
|
| 610 |
1 |
|
|a управление
|
| 610 |
1 |
|
|a наземные комплексы
|
| 610 |
1 |
|
|a ретрансляция
|
| 610 |
1 |
|
|a АСУ
|
| 610 |
1 |
|
|a автоматизированные системы управления
|
| 610 |
1 |
|
|a дистанционное зондирование
|
| 610 |
1 |
|
|a новые технологии
|
| 610 |
1 |
|
|a системы поиска
|
| 610 |
1 |
|
|a системы спасения
|
| 610 |
1 |
|
|a космическое приборостроение
|
| 610 |
1 |
|
|a качество
|
| 610 |
1 |
|
|a долговечность
|
| 610 |
1 |
|
|a конструирование
|
| 610 |
1 |
|
|a производство
|
| 610 |
1 |
|
|a конференции
|
| 675 |
|
|
|a 629.78(063)
|v 3
|
| 712 |
0 |
2 |
|a Российский научно-исследовательский институт космического приборостроения
|2 stltpush
|3 (RuTPU)RU\TPU\col\11855
|9 25273
|
| 712 |
1 |
2 |
|a Научно-техническая конференция ФГУП "РНИИ КП"
|b конференция
|f 2006
|
| 801 |
|
1 |
|a RU
|b 63413507
|c 20080118
|g PSBO
|
| 801 |
|
2 |
|a RU
|b 63413507
|c 20080208
|g PSBO
|
| 942 |
|
|
|c BK
|